000 00561nam a2200121 a 4500
008 120416s2002 ||||||||||||||||| || u
050 _aTHESIS/STUDENT
100 _aMulenga, Adam
245 1 3 _aAn analysis of the introduction and management of new technology in small-scale construction firms i
260 _aKitwe
_bCopperbelt University, School of Built Environment, Department of Surveying
_c2002
350 _a0.00
995 _D0.00
_FCBU-MAIN LIBRARY (Kitwe)
_H1
_I0.00
_UAVAILABLE
_ZUniversity Collection
999 _c34324
_d34324